Environment and agriculture

Bibliographic Details
Main Author: Narasaiah, M. Lakshmi, Dr
Format: Book
Published: New Delhi : Discovery Publishing House , 2006
Subjects:

MARC

LEADER 00000cam a2200000 7i4500
001 0000018683
005 20080610.0
008 080610
020 |a 8183560590 
090 0 0 |a 630   |b NAR 
100 1 |a Narasaiah, M. Lakshmi, Dr 
245 1 0 |a Environment and agriculture   |c Dr. M. Lakshmi Narasaiah 
260 |a New Delhi :   |b Discovery Publishing House ,   |c 2006 
650 0 |a Agriculture   |x Economic aspects 
999 |a 0001023033   |b Book   |c Adult Collection   |e Perbadanan Perpustakaan Awam Johor